00000000nam##2200000za#4500
0019.699403
003CaOODSP
00520250506145324
007cr |||||||||||
008150407|1982||||xxc|||||o    f|0| 0 eng|d
040 |aCaOODSP|beng
043 |an-cn---
0861 |aA15-1743/1982E-PDF
1101 |aCanada.|bAgriculture Canada.
24510|aImproving Canada's farm weather service |h[electronic resource]
260 |aOttawa - Ontario : |bAgriculture Canada |cc1982.
300 |a10p.|bmaps
500 |aHistorical publication digitized by Agriculture and Agri-Food Canada.
590 |a14-11-Supp|b2014-05-21
69007|aFarming|2gcpds
69007|aWeather forecasts|2gcpds
77508|tAmélioration du service agrométéorologique canadien |w(CaOODSP)9.643391
85640|ahttp://publications.gc.ca|qPDF|s579 KB|uhttps://publications.gc.ca/collections/collection_2014/aac-aafc/agrhist/A15-1743-1982-eng.pdf
986 |a1743/E